| 000 | 00744nam a22002057a 4500 | ||
|---|---|---|---|
| 999 |
_c13943 _d13943 |
||
| 003 | AR-CdUCM | ||
| 008 | 190417b ||||| |||| 00| 0 spa d | ||
| 040 |
_aMUNICIPALIDAD PROVINCIAL DEL CUSCO _cBIBLIOTECA MUNICIPAL DEL CUSCO |
||
| 082 |
_aC / 923.46 / _bS21 |
||
| 100 |
_aSantisteban Ochoa, Julián _929993 |
||
| 245 | _aEl conquistador, adelantado i Gobernador de la Nueva Toledo Don Diego de Almagro / | ||
| 260 |
_aCusco : _bH.G. Rozas sucesores, _c1940. |
||
| 300 |
_a35 páginas ; _c21 cm. |
||
| 505 | _aContenido: Biografía del adelantado i gobernador Don Diego De Almagro. | ||
| 650 |
_aConquistadores españoles _94370 |
||
| 650 |
_aBiografía _922 |
||
| 650 |
_aHistoria _9136 |
||
| 942 |
_2ddc _cLIBROS |
||
| 945 |
_aacv _d2019-04-17 |
||